[Event "Bad Griesbach Seniors op 13th"]
[Site "Bad Griesbach"]
[Date "2010.12.11"]
[Round "7"]
[White "Post, Hermann"]
[Black "Schindler, Horst"]
[Result "1/2-1/2"]
[WhiteElo "1569"]
[BlackElo "1563"]
[PlyCount "110"]
[EventDate "2010.12.05"]
[EventType "swiss"]
[EventRounds "7"]
[EventCountry "GER"]
[SourceTitle "EXT 2015"]
[Source "ChessBase"]
[SourceDate "2014.11.20"]
[SourceVersion "1"]
[SourceVersionDate "2014.11.20"]
[SourceQuality "1"]

1. d4 Nf6 2. c4 e6 3. Nc3 d5 4. e3 b6 5. cxd5 Nxd5 6. Bd3 Nxc3 7. bxc3 Bb7 8. e4 c5 9. Ne2 cxd4 10. Bb5+ Bc6 11. Qa4 Bxb5 12. Qxb5+ Qd7 13. Qxd7+ Nxd7 14. cxd4 Bb4+ 15. Bd2 Bxd2+ 16. Kxd2 0-0 17. Rhc1 Rac8 18. Ke3 Nf6 19. h3 Rfd8 20. g3 Kf8 21. g4 h6 22. Rxc8 Rxc8 23. Rc1 Rxc1 24. Nxc1 Ke7 25. a4 Kd7 26. Nd3 a5 27. Ne5+ Ke7 28. Nc6+ Kd7 29. Na7 Ne8 30. Nb5 Kc6 31. Kd3 Nf6 32. f3 g5 33. Kc4 h5 34. Nc3 hxg4 35. hxg4 Nd7 36. d5+ exd5+ 37. exd5+ Kb7 38. Kd4 f6 39. Ne4 Kc7 40. Nc3 Nc5 41. Kc4 Nd7 42. Nb5+ Kb7 43. Kd4 Nc5 44. Nc3 Kc7 45. Ke3 Kd6 46. Ne4+ Kxd5 47. Nxf6+ Ke5 48. Ne4 Ne6 49. Nxg5 Nxg5 50. f4+ Kf6 51. fxg5+ Kxg5 52. Kd4 Kxg4 53. Kc4 Kf4 54. Kb5 Ke5 55. Kxb6 Kd6 1/2-1/2

[Event "Bad Griesbach Seniors op 12th"]
[Site "Bad Griesbach"]
[Date "2009.11.30"]
[Round "2"]
[White "Schindler, Horst"]
[Black "Mehlhorn, Dieter"]
[Result "1/2-1/2"]
[WhiteElo "1658"]
[BlackElo "1752"]
[PlyCount "148"]
[EventDate "2009.11.29"]
[EventType "swiss"]
[EventRounds "7"]
[EventCountry "GER"]
[SourceTitle "EXT 2015"]
[Source "ChessBase"]
[SourceDate "2014.11.20"]
[SourceVersion "1"]
[SourceVersionDate "2014.11.20"]
[SourceQuality "1"]

1. d4 d5 2. c4 e6 3. Nc3 Nf6 4. Bg5 Be7 5. e3 c6 6. Nf3 Nbd7 7. Bd3 b6 8. 0-0 0-0 9. Rc1 Bb7 10. Qe2 c5 11. cxd5 Nxd5 12. Bxe7 Nxc3 13. Rxc3 Qxe7 14. dxc5 Nxc5 15. Bb1 Ba6 16. Qc2 g6 17. Rd1 Bb7 18. Qe2 Rfd8 19. Rdc1 Rd7 20. Ne5 Rd5 21. f4 Rad8 22. Nf3 Ba6 23. Qe1 Qd6 24. Nd4 e5 25. fxe5 Rxe5 26. b4 Rh5 27. h3 Ne6 28. Rc6 Qd5 29. Nxe6 fxe6 30. Rc7 Rg5 31. e4 Qd4+ 32. Kh1 Qd2 33. Qxd2 Rxd2 34. Rg1 Rf2 35. Rc2 Rxc2 36. Bxc2 Bc4 37. a4 Rg3 38. Rd1 Rc3 39. Rd2 a6 40. Bd1 Rc1 41. Kh2 Rb1 42. Rd4 Rxb4 43. Be2 b5 44. axb5 axb5 45. e5 Kg7 46. Rd7+ Kh6 47. Bxc4 Rxc4 48. Rd6 Kg5 49. Rxe6 Kf5 50. Re7 b4 51. e6 Kf6 52. Rxh7 Kxe6 53. Rb7 Kd5 54. g4 Kd4 55. Rb6 Kc3 56. Rxg6 b3 57. Rb6 Rb4 58. Rc6+ Kd4 59. Rc1 b2 60. Rb1 Kc3 61. Kg3 Kc2 62. Rxb2+ Rxb2 63. Kf4 Kd3 64. Kg5 Ke4 65. h4 Rb6 66. h5 Ke5 67. h6 Ke6 68. Kg6 Rb7 69. g5 Rd7 70. h7 Rd8 71. Kg7 Kf5 72. g6 Kg5 73. h8Q Rxh8 74. Kxh8 Kxg6 1/2-1/2